QUEST Central Library Banner

Analysis of Soil Quality and Long Term Impacts of Wastewater Effluents Discharge form Sakrand Sugar Mill (Record no. 68538)

MARC details
000 -LEADER
fixed length control field 00599nam a22001817a 4500
082 ## - DEWEY DECIMAL CLASSIFICATION NUMBER
Classification number R/1EE19
100 ## - MAIN ENTRY--AUTHOR NAME
Personal name Aquldar Zardari
100 ## - MAIN ENTRY--AUTHOR NAME
Personal name Roll No. 19EE06
100 ## - MAIN ENTRY--AUTHOR NAME
Personal name Supervisor - Dr. Mahdi Hassan Mallah
245 ## - TITLE STATEMENT
Title Analysis of Soil Quality and Long Term Impacts of Wastewater Effluents Discharge form Sakrand Sugar Mill
260 ## - PUBLICATION, DISTRIBUTION, ETC. (IMPRINT)
Place of publication Nawabshah
Name of publisher QUEST
Year of publication 2023
300 ## - PHYSICAL DESCRIPTION
Number of Pages 38p
700 ## - ADDED ENTRY--PERSONAL NAME
Personal name Department of Energy & Environment
700 ## - ADDED ENTRY--PERSONAL NAME
Personal name Shafqatullah (Roll No. 19EE04)
700 ## - ADDED ENTRY--PERSONAL NAME
Personal name Tahir Hussain (Roll No. 19EE44)
700 ## - ADDED ENTRY--PERSONAL NAME
Personal name Mubashir Hussain (Roll No. 19EE14)
942 ## - ADDED ENTRY ELEMENTS (KOHA)
Koha item type Thesis and Dissertation
Holdings
Withdrawn status Lost status Home library Current library Date acquired Full call number Accession Number Koha item type
    Research Section Research Section 07/01/2025 R/1EE19 EEP/15-117 Thesis and Dissertation

Copyright © 2018,The QUEST, Nawabshah, Shaheed Benazirabad. All rights reserved
Mr. G. Farooq Channar (Librarian) QUEST, Nawabshah, Sindh, Pakistan 67480.
 Ph#: |   0244-9370381-4 Ext. 2308   Email| lib@quest.edu.pk   Web|  http://www.quest.edu.pk